|
|
|
|
| LEADER |
00000nam a22000007i 4500 |
| 001 |
IT\ICCU\SBL\0160392 |
| 003 |
ItRI |
| 005 |
20260222120542.0 |
| 008 |
910930s1978 it |||||| ||||| |||||c |
| 015 |
|
|
|2 IT
|a 789681
|
| 040 |
|
|
|b ita
|c Arcigay Genova
|
| 041 |
|
7 |
|a ita
|2 ISO-639-2
|
| 082 |
|
|
|a 852.9
|2 18
|
| 100 |
1 |
|
|a Reim, Riccardo
|0 IT\ICCU\CFIV\012470
|4 aut
|
| 245 |
1 |
0 |
|a Sproloqui /
|c Riccardo Reim.
|
| 260 |
|
|
|a Milano :
|b Moizzi,
|c c1978
|
| 300 |
|
|
|a 62 p., [4] p. di tav. :
|b ill. ;
|c 21 cm.
|
| 500 |
|
|
|a In copertina: Con interventi di ALDO TRIONFO, LAURA DI NOLA, ANTONIO VENEZIANI.
|
| 942 |
|
|
|2 ddc
|c BK
|
| 952 |
|
|
|0 0
|1 0
|2 ddc
|4 0
|6 B_LTR05REIRISPR12
|7 0
|9 4488
|a MI
|b MI
|d 1987-09-02
|i 544
|l 0
|o B-LTR05-REIRI-SPR12
|p CDOM544
|r 2025-07-03 11:33:46
|w 2025-07-03
|x DONO
|y BK
|
| 952 |
|
|
|0 0
|1 0
|2 ddc
|4 0
|6 B_LTR05REIRISPR11
|7 0
|9 4489
|a MI
|b MI
|d 2005-04-04
|i 129
|l 0
|o B-LTR05-REIRI-SPR11
|p CDOM129
|r 2025-07-03 11:33:46
|w 2025-07-03
|x ACQUISTO
|y BK
|
| 952 |
|
|
|0 0
|1 0
|4 0
|6 DOC_852_914000000000000_REI
|7 0
|9 24618
|a BO
|b BO
|d 2026-01-15
|i 4123
|l 0
|o DOC 852.914 REI
|p BO4123
|r 2026-01-15 23:23:41
|w 2026-01-15
|x [Sebina 7] [1 v.]
|y BK
|z 1 v.
|
| 999 |
|
|
|c 3531
|d 3531
|